[Event "BL 0607 SV Wattenscheid - Werder Bremen"]
[Site "?"]
[Date "2007.02.25"]
[Round "11.7"]
[White "Fish, Gennadij"]
[Black "Dinstuhl, Volkmar Dr"]
[Result "1-0"]
[WhiteElo "2529"]
[BlackElo "2426"]
[PlyCount "103"]
[EventDate "2007.??.??"]

1. d4 Nf6 2. c4 e6 3. Nc3 Bb4 4. e3 c5 5. Bd3 O-O 6. Nge2 d5 7. O-O cxd4 8.
exd4 dxc4 9. Bxc4 Nc6 10. Bg5 Be7 11. Rc1 b6 12. a3 Bb7 13. Qd3 Rc8 14. Ba2 Ne5
15. Qb5 Ng6 16. Rfd1 Qd6 17. Bxf6 Bxf6 18. d5 exd5 19. Bxd5 Bxd5 20. Rxd5 Qc6
21. Qxc6 Rxc6 22. Rcd1 Re8 23. g3 Nf8 24. Nd4 Bxd4 25. R5xd4 g6 26. Rd8 Rc8 27.
Rxe8 Rxe8 28. Kg2 Kg7 29. Kf3 Re7 30. h4 h5 31. Nd5 Re5 32. Rd2 Nh7 33. b4 Re1
34. Rd3 Nf6 35. Nxf6 Kxf6 36. Rd7 a5 37. Rd6+ Kg7 38. bxa5 bxa5 39. Rd5 Ra1 40.
Rxa5 Ra2 41. Ke3 Kf6 42. f3 Rg2 43. Kf4 Re2 44. Ra6+ Kg7 45. Rd6 Ra2 46. Rd3
Kf6 47. Re3 Ra1 48. Ke4 Rg1 49. f4 Ra1 50. Kd4 Kf5 51. Kc4 Kg4 52. Kb4 1-0